| Tag |
First Indicator |
Second Indicator |
Subfields |
| LEADER |
00000cam a2200000 4500 |
| 001 |
in00001401321 |
| 005 |
20151020054032.0 |
| 008 |
720127s1962 njua 000 0 eng |
| 010 |
|
|
|a 63004310
|
| 035 |
|
|
|a (OCoLC)00229050
|
| 035 |
|
|
|9 AHN0206AM
|
| 040 |
|
|
|a DLC
|c URB
|d SER
|d TXA
|d UtOrBLW
|
| 049 |
|
|
|a TXAM
|
| 050 |
0 |
0 |
|a SH167.T8
|b A9
|
| 082 |
0 |
0 |
|a 639.34
|
| 100 |
1 |
|
|a Axelrod, Herbert R.
|
| 245 |
1 |
0 |
|a Exotic tropical fishes /
|c [by] Herbert R. Axelrod [and others].
|
| 264 |
|
2 |
|a Jersey City :
|b T.F.H. Publications, distributed by Sterling Pub. Co.,
|c [1962]
|
| 264 |
|
4 |
|c [©1962]
|
| 300 |
|
|
|a 1 volume (unpaged) :
|b illustrations (part color) ;
|c 23 cm.
|
| 336 |
|
|
|a text
|b txt
|2 rdacontent
|
| 337 |
|
|
|a unmediated
|b n
|2 rdamedia
|
| 338 |
|
|
|a volume
|b nc
|2 rdacarrier
|
| 650 |
|
0 |
|a Tropical fish.
|
| 650 |
|
0 |
|a Aquariums.
|
| 999 |
|
|
|a MARS
|
| 999 |
f |
f |
|s 73e06c8f-6f0d-3c08-8f2f-19c4982021cd
|i 9ab4d53e-e19a-31ac-9081-8e01a02983f5
|t 0
|
| 952 |
f |
f |
|p ric
|a Texas A&M University
|b Rellis Campus
|c Joint Library Facility
|d Remote Storage
|t 0
|e SH167.T8 A9
|h Library of Congress classification
|i unmediated -- volume
|m A14822105166
|
| 998 |
f |
f |
|a SH167.T8 A9
|t 0
|l Remote Storage
|